Países que fazem fronteira com: Jordânia#19 - Statistics

Estatísticas Gerais
  • Esse quiz foi jogado 70 vezes
  • A pontuação média é 4 de 5
Estatísticas das Respostas
País % Correto
Israel
100%
Arábia Saudita
95%
Iraque
94%
Síria
92%
Egito
62%
Nenhum quiz correspondente encontrado
Distribuição das Pontuações
Porcentagem de Pessoas com Cada Pontuação
Percentil de Números Respondidos
Sua Pontuação Histórica
Você não jogou esse quiz